00990nam a2200253 a 450000100060000000300080000600500170001400800410003103500190007204000380009104100080012908200240013724500870016126000890024830000350033749000550037250400290042765000240045670000250048083000640050594200120056999900170058195201380059872806BD-RjUL20211209082318.0170523s1961 nyua b 100 0 engm  a(BD-RjUL)73024 aDLCcDLCdm.c.dMYGdBD-RjULbeng aeng 223a537.5bPRO 196110aProceedings of the Symposium on active networks and feadback systems /cJerome Fox aBrooklyn :bPolytechnic Press; distributors: Interscience Publishers, New Yorkc1961 axxiv, 658 p. :bill. ;c23 cm.1 aMicrowave Research Institute symposia series ;v10 aIncludes bibliographies. 0aElectronics92153431 aFox, Jerome.9215322 0aMicrowave Research Institute symposia series ;v10.9215352 2ddccBK c72806d72806 00102ddc40718NFICaRUCLbRUCLcReadingd1963-12-21eZeithingerg0.00l0o537.5 PRO 1961r2017-05-23 00:00:00tC-1w2017-05-23yBK